Nên cân nhắc trước thuyết ngân hàng thương mại "tạo" tiền đề sử dụng các công cụ điều hoà tiền tệ đúng theo quy luật lưu thông tiền tệ /
Đã lưu trong:
| Hovedforfatter: | |
|---|---|
| Format: | Bài viết |
| Sprog: | Vietnamese |
| Fag: | |
| Tags: |
Tilføj Tag
Ingen Tags, Vær først til at tagge denne postø!
|
| Thư viện lưu trữ: | Thư viện Trường Đại học Đà Lạt |
|---|
| LEADER | 00792nam a2200253 4500 | ||
|---|---|---|---|
| 001 | DLU090075193 | ||
| 005 | ##20090609 | ||
| 040 | # | # | |a DLU |b vie |
| 041 | # | # | |a vie |
| 044 | # | # | |a vn |
| 100 | # | # | |a Vũ Ngọc Nhung. |
| 245 | # | # | |a Nên cân nhắc trước thuyết ngân hàng thương mại "tạo" tiền đề sử dụng các công cụ điều hoà tiền tệ đúng theo quy luật lưu thông tiền tệ / |c Vũ Ngọc Nhung. |
| 653 | # | # | |a Luật ngân hàng |
| 653 | # | # | |a Luật thương mại |
| 653 | # | # | |a Tiền tệ |
| 773 | # | # | |t Tạp chí Khoa học Xã hội Việt Nam |g Số 13, 1992, tr. 23-30 |
| 994 | # | # | |a DLU |
| 900 | # | # | |a True |
| 911 | # | # | |a Nguyễn Thị Linh Chi |
| 925 | # | # | |a G |
| 926 | # | # | |a A |
| 927 | # | # | |a BB |
| 980 | # | # | |a Thư viện Trường Đại học Đà Lạt |